[Event "Kadettlandskamp NOR-SWE A 2018"]
[Site "NTG, Bærum, Norway"]
[Date "2018.12.16"]
[Round "10.3"]
[White "Lund, Gunnar"]
[Black "Söderström, Adrian"]
[Result "1-0"]
[WhiteFideId "1520814"]
[BlackFideId "1745786"]
[WhiteElo "2006"]
[BlackElo "1949"]

1. e4 {[%clk 00:15:18]} c5 {[%clk 00:15:17]} {[%emt 00:00:04]} 2. a3 {[%clk
00:15:23]} {[%emt 00:00:06]} g6 {[%clk 00:15:13]} {[%emt 00:00:13]} 3. b4
{[%clk 00:15:28]} {[%emt 00:00:05]} Bg7 {[%clk 00:15:14]} {[%emt 00:00:09]} 4.
Nc3 {[%clk 00:15:36]} {[%emt 00:00:02]} cxb4 {[%clk 00:15:01]} {[%emt
00:00:23]} 5. axb4 {[%clk 00:15:40]} {[%emt 00:00:06]} d6 {[%clk 00:14:58]}
{[%emt 00:00:14]} 6. Nf3 {[%clk 00:14:52]} {[%emt 00:00:57]} Nf6 {[%clk
00:15:04]} {[%emt 00:00:04]} 7. Bb5+ {[%clk 00:14:26]} {[%emt 00:00:37]} Nbd7
{[%clk 00:14:53]} {[%emt 00:00:21]} 8. O-O {[%clk 00:14:27]} {[%emt 00:00:09]}
O-O {[%clk 00:14:35]} {[%emt 00:00:28]} 9. Re1 {[%clk 00:14:22]} {[%emt
00:00:15]} a6 {[%clk 00:12:58]} {[%emt 00:01:47]} 10. h3 {[%clk 00:14:13]}
{[%emt 00:00:18]} Nb6 {[%clk 00:11:45]} {[%emt 00:01:23]} 11. Bf1 {[%clk
00:14:14]} {[%emt 00:00:10]} Be6 {[%clk 00:11:43]} {[%emt 00:00:12]} 12. Bb2
{[%clk 00:13:59]} {[%emt 00:00:24]} Rc8 {[%clk 00:11:41]} {[%emt 00:00:12]} 13.
Rb1 {[%clk 00:13:29]} {[%emt 00:00:40]} Nc4 {[%clk 00:11:21]} {[%emt 00:00:30]}
14. Ba1 {[%clk 00:13:32]} {[%emt 00:00:07]} b5 {[%clk 00:10:58]} {[%emt
00:00:33]} 15. Qc1 {[%clk 00:11:35]} {[%emt 00:02:07]} Bh6 {[%clk 00:10:11]}
{[%emt 00:00:58]} 16. Bxc4 {[%clk 00:10:41]} {[%emt 00:01:04]} Bxc4 {[%clk
00:09:49]} {[%emt 00:00:31]} 17. Qa3 {[%clk 00:10:46]} {[%emt 00:00:05]} Qb6
{[%clk 00:09:31]} {[%emt 00:00:28]} 18. Bb2 {[%clk 00:10:16]} {[%emt 00:00:40]}
Rfd8 {[%clk 00:08:33]} {[%emt 00:01:09]} 19. Ra1 {[%clk 00:10:04]} {[%emt
00:00:21]} Ra8 {[%clk 00:08:42]} {[%emt 00:00:01]} 20. d3 {[%clk 00:10:04]}
{[%emt 00:00:10]} Be6 {[%clk 00:08:48]} {[%emt 00:00:04]} 21. Ne2 {[%clk
00:10:08]} {[%emt 00:00:06]} d5 {[%clk 00:07:43]} {[%emt 00:01:16]} 22. e5
{[%clk 00:09:39]} {[%emt 00:00:38]} Nd7 {[%clk 00:07:38]} {[%emt 00:00:15]} 23.
Ned4 {[%clk 00:09:11]} {[%emt 00:00:38]} Nf8 {[%clk 00:06:29]} {[%emt
00:01:21]} 24. Nb3 {[%clk 00:09:09]} {[%emt 00:00:11]} Bc8 {[%clk 00:06:10]}
{[%emt 00:00:28]} 25. Bd4 {[%clk 00:08:44]} {[%emt 00:00:35]} Qc7 {[%clk
00:06:07]} {[%emt 00:00:13]} 26. Nc5 {[%clk 00:08:49]} {[%emt 00:00:05]} Ne6
{[%clk 00:06:13]} {[%emt 00:00:04]} 27. Nxe6 {[%clk 00:08:53]} {[%emt
00:00:07]} Bxe6 {[%clk 00:06:15]} {[%emt 00:00:08]} 28. Bc5 {[%clk 00:09:01]}
{[%emt 00:00:02]} Bg7 {[%clk 00:04:52]} {[%emt 00:01:33]} 29. Qa5 {[%clk
00:08:41]} {[%emt 00:00:30]} Qc6 {[%clk 00:04:39]} {[%emt 00:00:22]} 30. Bxe7
{[%clk 00:08:31]} {[%emt 00:00:20]} Rdc8 {[%clk 00:04:32]} {[%emt 00:00:17]} 31.
Bc5 {[%clk 00:08:20]} {[%emt 00:00:21]} Bf8 {[%clk 00:04:38]} {[%emt 00:00:05]}
32. Nd4 {[%clk 00:06:34]} {[%emt 00:01:55]} Qd7 {[%clk 00:04:29]} {[%emt
00:00:19]} 33. Nb3 {[%clk 00:06:41]} {[%emt 00:00:03]} Bg7 {[%clk 00:04:20]}
{[%emt 00:00:20]} 34. Re2 {[%clk 00:05:09]} {[%emt 00:01:41]} Bh6 {[%clk
00:02:37]} {[%emt 00:01:53]} 35. Be3 {[%clk 00:04:33]} {[%emt 00:00:45]} Bxe3
{[%clk 00:02:31]} {[%emt 00:00:17]} 36. fxe3 {[%clk 00:04:42]} {[%emt
00:00:02]} Rc6 {[%clk 00:02:00]} {[%emt 00:00:40]} 37. Nc5 {[%clk 00:04:43]}
{[%emt 00:00:09]} Qe7 {[%clk 00:02:02]} {[%emt 00:00:09]} 38. d4 {[%clk
00:03:23]} {[%emt 00:01:30]} Qg5 {[%clk 00:01:43]} {[%emt 00:00:28]} 39. Kh2
{[%clk 00:03:23]} {[%emt 00:00:09]} Bf5 {[%clk 00:01:19]} {[%emt 00:00:36]} 40.
Qa2 {[%clk 00:02:50]} {[%emt 00:00:43]} Be6 {[%clk 00:01:18]} {[%emt 00:00:10]}
41. Rf1 {[%clk 00:02:22]} {[%emt 00:00:37]} Rd8 {[%clk 00:01:01]} {[%emt
00:00:28]} 42. c3 {[%clk 00:02:19]} {[%emt 00:00:14]} h5 {[%clk 00:01:06]}
{[%emt 00:00:05]} 43. Qd2 {[%clk 00:02:04]} {[%emt 00:00:25]} h4 {[%clk
00:01:10]} {[%emt 00:00:06]} 44. Qe1 {[%clk 00:02:08]} {[%emt 00:00:04]} Bf5
{[%clk 00:01:12]} {[%emt 00:00:09]} 45. Rf4 {[%clk 00:02:05]} {[%emt 00:00:13]}
Kg7 {[%clk 00:01:06]} {[%emt 00:00:16]} 46. Qf2 {[%clk 00:01:16]} {[%emt
00:00:59]} Rh8 {[%clk 00:01:08]} {[%emt 00:00:08]} 47. Qf3 {[%clk 00:01:02]}
{[%emt 00:00:25]} Rc7 {[%clk 00:00:42]} {[%emt 00:00:37]} 48. Qxd5 {[%clk
00:00:32]} {[%emt 00:00:39]} Qg3+ {[%clk 00:00:50]} {[%emt 00:00:01]} 49. Kg1
{[%clk 00:00:21]} {[%emt 00:00:21]} Qg5 {[%clk 00:00:22]} {[%emt 00:00:39]} 50.
Qf3 {[%clk 00:00:22]} {[%emt 00:00:08]} Rd8 {[%clk 00:00:25]} {[%emt 00:00:07]}
51. Rf2 {[%clk 00:00:30]} {[%emt 00:00:02]} a5 {[%clk 00:00:33]} {[%emt
00:00:03]} 52. e4 {[%clk 00:00:37]} {[%emt 00:00:03]} Be6 {[%clk 00:00:42]}
{[%emt 00:00:01]} 53. bxa5 {[%clk 00:00:26]} {[%emt 00:00:21]} Rxc5 {[%clk
00:00:35]} {[%emt 00:00:17]} 54. Rxf7+ {[%clk 00:00:24]} {[%emt 00:00:11]} Bxf7
{[%clk 00:00:42]} {[%emt 00:00:04]} 55. Qxf7+ {[%clk 00:00:33]} {[%emt
00:00:01]} Kh6 {[%clk 00:00:50]} {[%emt 00:00:02]} 56. dxc5 {[%clk 00:00:34]}
{[%emt 00:00:08]} Rd1+ {[%clk 00:00:59]} {[%emt 00:00:01]} 57. Rf1 {[%clk
00:00:43]} {[%emt 00:00:01]} Qe3+ {[%clk 00:01:06]} {[%emt 00:00:03]} 58. Kh1
{[%clk 00:00:50]} {[%emt 00:00:03]} Rxf1+ {[%clk 00:00:28]} {[%emt 00:00:48]}
59. Qxf1 {[%clk 00:00:59]} {[%emt 00:00:02]} Qxe4 {[%clk 00:00:33]} {[%emt
00:00:06]} 60. Qxb5 {[%clk 00:01:01]} {[%emt 00:00:07]} Qe1+ {[%clk 00:00:39]}
{[%emt 00:00:04]} 61. Kh2 {[%clk 00:01:09]} {[%emt 00:00:01]} Qg3+ {[%clk
00:00:47]} {[%emt 00:00:03]} 62. Kg1 {[%clk 00:01:17]} {[%emt 00:00:01]} Qe1+
{[%clk 00:00:54]} {[%emt 00:00:03]} 63. Qf1 {[%clk 00:01:25]} {[%emt 00:00:02]}
Qxe5 {[%clk 00:00:46]} {[%emt 00:00:18]} 64. c6 {[%clk 00:01:13]} {[%emt
00:00:23]} Qc5+ {[%clk 00:00:52]} {[%emt 00:00:04]} 65. Kh1 {[%clk 00:01:19]}
{[%emt 00:00:03]} Qxc6 {[%clk 00:00:49]} {[%emt 00:00:14]} 66. Qf4+ {[%clk
00:01:28]} {[%emt 00:00:01]} g5 {[%clk 00:00:39]} {[%emt 00:00:20]} 67. Qf8+
{[%clk 00:01:31]} {[%emt 00:00:06]} Kg6 {[%clk 00:00:42]} {[%emt 00:00:08]} 68.
Qg8+ {[%clk 00:01:33]} {[%emt 00:00:07]} Kh6 {[%clk 00:00:48]} {[%emt
00:00:04]} 69. Qh8+ {[%clk 00:01:36]} {[%emt 00:00:06]} Kg6 {[%clk 00:00:57]}
{[%emt 00:00:02]} 70. Qd4 {[%clk 00:01:34]} {[%emt 00:00:12]} Qe8 {[%clk
00:00:45]} {[%emt 00:00:22]} 71. Qd3+ {[%clk 00:01:15]} {[%emt 00:00:29]} Kh5
{[%clk 00:00:45]} {[%emt 00:00:10]} 72. Qd1+ {[%clk 00:01:19]} {[%emt
00:00:06]} Kh6 {[%clk 00:00:51]} {[%emt 00:00:04]} 73. a6 {[%clk 00:01:03]}
{[%emt 00:00:27]} Qe3 {[%clk 00:00:44]} {[%emt 00:00:17]} 74. Qa1 {[%clk
00:00:53]} {[%emt 00:00:19]} Qa7 {[%clk 00:00:39]} {[%emt 00:00:15]} 75. c4
{[%clk 00:00:58]} {[%emt 00:00:05]} g4 {[%clk 00:00:42]} {[%emt 00:00:07]} 76.
Qf6+ {[%clk 00:01:07]} Kh5 {[%clk 00:00:41]} {[%emt 00:00:11]} 77. Qf5+ {[%clk
00:01:06]} {[%emt 00:00:10]} Kh6 {[%clk 00:00:50]} {[%emt 00:00:02]} 78. Qxg4
{[%clk 00:01:13]} {[%emt 00:00:03]} Qxa6 {[%clk 00:00:56]} {[%emt 00:00:05]} 79.
Qxh4+ {[%clk 00:01:21]} {[%emt 00:00:02]} Kg6 {[%clk 00:01:01]} {[%emt
00:00:04]} 80. Qf4 {[%clk 00:01:28]} {[%emt 00:00:02]} Qc6 {[%clk 00:00:28]}
{[%emt 00:00:43]} 81. Kh2 {[%clk 00:01:36]} {[%emt 00:00:03]} Kh5 {[%clk
00:00:33]} {[%emt 00:00:06]} 82. Qf3+ {[%clk 00:01:45]} {[%emt 00:00:01]} 1-0

[Event "Kadettlandskamp NOR-SWE A 2018"]
[Site "NTG, Bærum, Norway"]
[Date "2018.12.16"]
[Round "10.4"]
[White "Jönsson, Jacob"]
[Black "Kaasen, Tor Fredrik"]
[Result "0-1"]
[BlackTitle "IM"]
[WhiteFideId "1726315"]
[BlackFideId "1516647"]
[WhiteElo "1724"]
[BlackElo "2106"]

1. d4 {[%clk 00:15:18]} {[%emt 00:00:02]} Nf6 {[%clk 00:15:17]} {[%emt
00:00:03]} 2. c4 {[%clk 00:15:27]} {[%emt 00:00:02]} g6 {[%clk 00:15:25]}
{[%emt 00:00:02]} 3. Nc3 {[%clk 00:15:35]} d5 {[%clk 00:15:33]} {[%emt
00:00:02]} 4. cxd5 {[%clk 00:15:44]} {[%emt 00:00:02]} Nxd5 {[%clk 00:15:40]}
{[%emt 00:00:03]} 5. e4 {[%clk 00:15:53]} {[%emt 00:00:02]} Nxc3 {[%clk
00:15:47]} {[%emt 00:00:02]} 6. bxc3 {[%clk 00:16:01]} {[%emt 00:00:02]} Bg7
{[%clk 00:15:56]} 7. Bc4 {[%clk 00:16:09]} {[%emt 00:00:03]} O-O {[%clk
00:15:56]} {[%emt 00:00:09]} 8. Ne2 {[%clk 00:16:18]} {[%emt 00:00:01]} c5
{[%clk 00:16:04]} {[%emt 00:00:03]} 9. Be3 {[%clk 00:16:26]} {[%emt 00:00:01]}
Nc6 {[%clk 00:16:13]} {[%emt 00:00:02]} 10. O-O {[%clk 00:16:34]} {[%emt
00:00:03]} Qc7 {[%clk 00:16:10]} {[%emt 00:00:12]} 11. Qd2 {[%clk 00:16:20]}
{[%emt 00:00:24]} Rd8 {[%clk 00:15:59]} {[%emt 00:00:20]} 12. Rfd1 {[%clk
00:16:23]} {[%emt 00:00:08]} b6 {[%clk 00:15:00]} {[%emt 00:01:09]} 13. Rac1
{[%clk 00:16:25]} {[%emt 00:00:08]} Bb7 {[%clk 00:15:03]} {[%emt 00:00:06]} 14.
f3 {[%clk 00:16:08]} {[%emt 00:00:27]} e5 {[%clk 00:13:51]} {[%emt 00:01:23]}
15. d5 {[%clk 00:15:54]} {[%emt 00:00:24]} Na5 {[%clk 00:13:53]} {[%emt
00:00:07]} 16. Bd3 {[%clk 00:16:00]} {[%emt 00:00:04]} c4 {[%clk 00:13:50]}
{[%emt 00:00:14]} 17. Bc2 {[%clk 00:15:47]} {[%emt 00:00:22]} Bf8 {[%clk
00:13:41]} {[%emt 00:00:19]} 18. Ng3 {[%clk 00:14:55]} {[%emt 00:01:02]} Bc5
{[%clk 00:12:08]} {[%emt 00:01:43]} 19. Nf1 {[%clk 00:14:22]} {[%emt 00:00:44]}
Bc8 {[%clk 00:11:51]} {[%emt 00:00:27]} 20. Qf2 {[%clk 00:14:01]} {[%emt
00:00:31]} Bxe3 {[%clk 00:11:23]} {[%emt 00:00:38]} 21. Nxe3 {[%clk 00:14:09]}
{[%emt 00:00:02]} Nb7 {[%clk 00:11:21]} {[%emt 00:00:12]} 22. Qe2 {[%clk
00:12:32]} {[%emt 00:01:46]} Nd6 {[%clk 00:11:02]} {[%emt 00:00:29]} 23. Rb1
{[%clk 00:12:20]} {[%emt 00:00:23]} Bd7 {[%clk 00:10:44]} {[%emt 00:00:28]} 24.
Rb2 {[%clk 00:10:35]} {[%emt 00:01:55]} Qc5 {[%clk 00:10:29]} {[%emt 00:00:25]}
25. Kh1 {[%emt 00:01:08]} Kh8 {[%clk 00:10:27]} {[%emt 00:00:11]} 26. Rdb1
{[%clk 00:09:42]} {[%emt 00:00:05]} Re8 {[%clk 00:09:04]} {[%emt 00:01:33]} 27.
Rb4 {[%clk 00:09:39]} {[%emt 00:00:13]} Rac8 {[%clk 00:08:54]} {[%emt
00:00:19]} 28. Ba4 {[%clk 00:09:37]} {[%emt 00:00:13]} b5 {[%clk 00:08:12]}
{[%emt 00:00:52]} 29. Bc2 {[%clk 00:09:35]} {[%emt 00:00:12]} a5 {[%clk
00:08:15]} {[%emt 00:00:08]} 30. R4b2 {[%clk 00:09:43]} {[%emt 00:00:02]} Rb8
{[%clk 00:08:22]} {[%emt 00:00:02]} 31. Qd2 {[%clk 00:09:39]} {[%emt 00:00:14]}
Rb6 {[%clk 00:07:51]} {[%emt 00:00:41]} 32. a4 {[%clk 00:09:43]} {[%emt
00:00:06]} b4 {[%clk 00:07:36]} {[%emt 00:00:25]} 33. cxb4 {[%clk 00:09:10]}
{[%emt 00:00:43]} axb4 {[%clk 00:07:45]} {[%emt 00:00:01]} 34. Qe1 {[%clk
00:08:22]} {[%emt 00:00:58]} Reb8 {[%clk 00:07:50]} {[%emt 00:00:05]} 35. Bd1
{[%clk 00:08:20]} {[%emt 00:00:13]} c3 {[%clk 00:07:32]} {[%emt 00:00:28]} 36.
Re2 {[%clk 00:07:45]} {[%emt 00:00:44]} b3 {[%clk 00:07:38]} {[%emt 00:00:04]}
37. a5 {[%clk 00:07:45]} {[%emt 00:00:10]} Rb5 {[%clk 00:07:39]} {[%emt
00:00:09]} 38. h3 {[%clk 00:07:24]} {[%emt 00:00:31]} c2 {[%clk 00:06:13]}
{[%emt 00:01:36]} 39. Nxc2 {[%clk 00:07:29]} {[%emt 00:00:05]} bxc2 {[%clk
00:06:20]} {[%emt 00:00:02]} 40. Bxc2 {[%clk 00:07:37]} {[%emt 00:00:03]} Rxb1
{[%clk 00:06:00]} {[%emt 00:00:30]} 41. Bxb1 {[%clk 00:07:45]} {[%emt
00:00:02]} Qb4 {[%clk 00:05:31]} {[%emt 00:00:38]} 42. Qxb4 {[%clk 00:07:40]}
{[%emt 00:00:15]} Rxb4 {[%clk 00:05:40]} 43. Bd3 {[%clk 00:07:28]} {[%emt
00:00:23]} Ra4 {[%clk 00:04:28]} {[%emt 00:01:21]} 44. Rb2 {[%clk 00:06:17]}
{[%emt 00:01:21]} Rxa5 {[%clk 00:03:27]} {[%emt 00:01:11]} 45. Rb6 {[%clk
00:05:48]} {[%emt 00:00:39]} Nb5 {[%clk 00:02:23]} {[%emt 00:01:15]} 46. Rb8+
{[%clk 00:05:34]} {[%emt 00:00:25]} Kg7 {[%clk 00:02:32]} {[%emt 00:00:01]} 47.
Rd8 {[%clk 00:05:43]} Ra1+ {[%clk 00:01:59]} {[%emt 00:00:42]} 48. Kh2 {[%clk
00:05:51]} {[%emt 00:00:02]} Ra3 {[%clk 00:01:52]} {[%emt 00:00:17]} 49. Bf1
{[%clk 00:05:48]} {[%emt 00:00:13]} Ra7 {[%clk 00:01:22]} {[%emt 00:00:40]} 50.
Rxd7 {[%clk 00:05:56]} Rxd7 {[%clk 00:01:31]} 51. Bxb5 {[%clk 00:06:04]} {[%emt
00:00:02]} Rd6 {[%clk 00:01:35]} {[%emt 00:00:07]} 52. Bc6 {[%clk 00:06:09]}
{[%emt 00:00:05]} Kf6 {[%clk 00:01:40]} {[%emt 00:00:05]} 53. Kg3 {[%clk
00:06:17]} {[%emt 00:00:01]} Ke7 {[%clk 00:01:35]} {[%emt 00:00:15]} 54. f4
{[%clk 00:06:16]} {[%emt 00:00:11]} Kf6 {[%clk 00:01:40]} {[%emt 00:00:06]} 55.
Kf3 {[%clk 00:06:22]} {[%emt 00:00:04]} Rd8 {[%clk 00:01:39]} {[%emt 00:00:09]}
56. g4 {[%clk 00:06:29]} {[%emt 00:00:05]} exf4 {[%clk 00:01:45]} {[%emt
00:00:04]} 57. Kxf4 {[%emt 00:00:01]} g5+ 58. Ke3 {[%clk 00:06:02]} {[%emt
00:00:45]} Ke5 {[%clk 00:02:03]} {[%emt 00:00:02]} 59. Kd3 {[%clk 00:05:27]}
{[%emt 00:00:45]} f6 {[%clk 00:02:11]} {[%emt 00:00:01]} 60. Ba4 {[%clk
00:05:15]} {[%emt 00:00:22]} Ra8 {[%clk 00:02:07]} {[%emt 00:00:14]} 61. Bd7
{[%clk 00:05:23]} {[%emt 00:00:02]} Ra3+ {[%clk 00:02:11]} {[%emt 00:00:07]} 62.
Kc4 {[%clk 00:05:32]} {[%emt 00:00:01]} Rxh3 {[%clk 00:02:15]} {[%emt
00:00:05]} 63. Bf5 {[%clk 00:05:41]} {[%emt 00:00:02]} h5 {[%clk 00:02:11]}
{[%emt 00:00:14]} 64. gxh5 {[%clk 00:05:48]} {[%emt 00:00:03]} Rxh5 65. Kc5
{[%clk 00:05:56]} {[%emt 00:00:02]} Rh1 {[%clk 00:02:27]} {[%emt 00:00:02]} 66.
Kc6 {[%clk 00:05:57]} {[%emt 00:00:09]} Rg1 {[%clk 00:02:21]} {[%emt 00:00:16]}
67. Kc7 {[%clk 00:05:34]} {[%emt 00:00:33]} g4 {[%clk 00:02:05]} {[%emt
00:00:27]} 68. d6 {[%clk 00:05:42]} {[%emt 00:00:01]} Rc1+ {[%clk 00:02:13]}
{[%emt 00:00:02]} 69. Kd8 {[%clk 00:05:47]} {[%emt 00:00:05]} g3 {[%clk
00:01:38]} {[%emt 00:00:45]} 70. d7 {[%clk 00:05:56]} {[%emt 00:00:02]} g2
{[%clk 00:01:41]} {[%emt 00:00:06]} 71. Ke8 {[%clk 00:06:04]} {[%emt 00:00:02]}
Rd1 {[%clk 00:01:51]} {[%emt 00:00:01]} 72. Be6 {[%clk 00:05:56]} {[%emt
00:00:18]} Kxe6 {[%clk 00:01:54]} {[%emt 00:00:07]} 73. d8=Q {[%clk 00:06:01]}
{[%emt 00:00:05]} Rxd8+ {[%clk 00:02:02]} {[%emt 00:00:01]} 74. Kxd8 {[%clk
00:06:10]} {[%emt 00:00:01]} g1=Q {[%clk 00:02:10]} {[%emt 00:00:02]} 0-1

[Event "Kadettlandskamp NOR-SWE A 2018"]
[Site "NTG, Bærum, Norway"]
[Date "2018.12.16"]
[Round "10.5"]
[White "Sjøberg, Isak"]
[Black "Trost, Edvin"]
[Result "1-0"]
[BlackFideId "1729519"]
[WhiteElo "2019"]
[BlackElo "1856"]

1. e4 {[%clk 00:15:18]} {[%emt 00:00:01]} c5 {[%clk 00:15:20]} 2. Nf3 {[%clk
00:15:26]} {[%emt 00:00:02]} e6 {[%clk 00:15:29]} 3. b3 {[%clk 00:15:34]}
{[%emt 00:00:03]} b6 {[%clk 00:15:36]} {[%emt 00:00:02]} 4. Bb2 {[%clk
00:15:42]} {[%emt 00:00:02]} Bb7 {[%clk 00:15:45]} 5. Nc3 {[%clk 00:15:51]} Nc6
{[%clk 00:15:53]} {[%emt 00:00:02]} 6. d4 {[%clk 00:16:00]} {[%emt 00:00:02]}
cxd4 {[%clk 00:15:54]} {[%emt 00:00:08]} 7. Nxd4 {[%clk 00:16:08]} {[%emt
00:00:02]} a6 {[%clk 00:15:59]} {[%emt 00:00:06]} 8. Nxc6 {[%clk 00:16:03]}
{[%emt 00:00:15]} Bxc6 {[%clk 00:15:33]} {[%emt 00:00:36]} 9. Bd3 {[%clk
00:16:09]} {[%emt 00:00:04]} Qc7 {[%clk 00:15:32]} {[%emt 00:00:11]} 10. Qe2
{[%clk 00:15:57]} {[%emt 00:00:21]} b5 {[%clk 00:15:17]} {[%emt 00:00:25]} 11.
O-O-O {[%clk 00:15:44]} {[%emt 00:00:23]} b4 {[%clk 00:14:34]} {[%emt
00:00:53]} 12. Nd5 {[%clk 00:15:45]} {[%emt 00:00:10]} Qa5 {[%clk 00:13:20]}
{[%emt 00:01:24]} 13. Kb1 {[%clk 00:15:31]} {[%emt 00:00:24]} Ne7 {[%clk
00:12:50]} {[%emt 00:00:39]} 14. Ne3 {[%clk 00:14:42]} {[%emt 00:00:59]} Ng6
{[%clk 00:12:04]} {[%emt 00:00:57]} 15. Nc4 {[%clk 00:14:40]} {[%emt 00:00:12]}
Qc7 {[%clk 00:12:08]} {[%emt 00:00:05]} 16. g3 {[%clk 00:14:21]} {[%emt
00:00:27]} e5 {[%clk 00:11:36]} {[%emt 00:00:44]} 17. h4 {[%clk 00:14:10]}
{[%emt 00:00:21]} h5 {[%clk 00:10:05]} {[%emt 00:01:42]} 18. Rhf1 {[%clk
00:12:58]} {[%emt 00:01:22]} Bc5 {[%clk 00:08:56]} {[%emt 00:01:18]} 19. f4
{[%clk 00:12:55]} {[%emt 00:00:14]} d6 {[%clk 00:08:18]} {[%emt 00:00:48]} 20.
Qf3 {[%clk 00:12:18]} {[%emt 00:00:47]} f6 {[%clk 00:06:46]} {[%emt 00:01:41]}
21. fxe5 {[%clk 00:12:03]} {[%emt 00:00:25]} dxe5 {[%clk 00:06:52]} {[%emt
00:00:05]} 22. Be2 {[%clk 00:10:23]} {[%emt 00:01:50]} Bd7 {[%clk 00:06:01]}
{[%emt 00:01:00]} 23. Ne3 {[%clk 00:08:30]} {[%emt 00:02:03]} Bxe3 {[%clk
00:05:13]} {[%emt 00:00:59]} 24. Qxe3 {[%clk 00:08:39]} {[%emt 00:00:01]} Bb5
{[%clk 00:04:14]} {[%emt 00:01:09]} 25. a4 {[%clk 00:07:34]} {[%emt 00:01:14]}
Bxe2 {[%clk 00:04:17]} {[%emt 00:00:07]} 26. Qxe2 {[%clk 00:07:43]} {[%emt
00:00:01]} Ke7 {[%clk 00:03:35]} {[%emt 00:00:52]} 27. Rd5 {[%clk 00:07:07]}
{[%emt 00:00:46]} Nf8 {[%clk 00:02:15]} {[%emt 00:01:30]} 28. Rfd1 {[%clk
00:06:33]} {[%emt 00:00:44]} Ne6 {[%clk 00:02:24]} {[%emt 00:00:02]} 29. Qd2
{[%clk 00:06:32]} {[%emt 00:00:09]} Rhd8 {[%clk 00:01:48]} {[%emt 00:00:48]} 30.
Qxb4+ {[%clk 00:06:40]} {[%emt 00:00:02]} Kf7 {[%clk 00:01:48]} {[%emt
00:00:10]} 31. Ba3 {[%clk 00:05:23]} {[%emt 00:01:27]} Nd4 {[%clk 00:01:33]}
{[%emt 00:00:24]} 32. Rc5 {[%clk 00:04:46]} {[%emt 00:00:48]} Qb8 {[%clk
00:00:47]} {[%emt 00:00:56]} 33. Qc4+ {[%clk 00:04:48]} {[%emt 00:00:08]} Kg6
{[%clk 00:00:53]} {[%emt 00:00:04]} 34. g4 {[%clk 00:04:34]} {[%emt 00:00:24]}
hxg4 {[%clk 00:00:49]} {[%emt 00:00:13]} 35. Bb2 {[%clk 00:04:15]} {[%emt
00:00:29]} Nf3 {[%clk 00:00:47]} {[%emt 00:00:13]} 36. h5+ {[%clk 00:04:19]}
{[%emt 00:00:05]} Kh7 {[%clk 00:00:55]} {[%emt 00:00:03]} 37. Rxd8 Qxd8 38. Qf7
{[%clk 00:04:14]} Qe8 {[%clk 00:01:04]} {[%emt 00:00:11]} 39. Qb7 {[%clk
00:04:00]} {[%emt 00:00:24]} Rb8 {[%clk 00:01:03]} {[%emt 00:00:11]} 40. Qxa6
{[%clk 00:04:07]} {[%emt 00:00:03]} g3 {[%clk 00:01:01]} {[%emt 00:00:11]} 41.
Qe2 {[%clk 00:04:06]} {[%emt 00:00:10]} Qxh5 {[%clk 00:00:59]} {[%emt
00:00:13]} 42. Rc3 {[%clk 00:04:02]} {[%emt 00:00:15]} Qh1+ {[%clk 00:01:08]}
43. Ka2 {[%clk 00:04:12]} g2 {[%clk 00:01:12]} {[%emt 00:00:07]} 44. Qxf3
{[%clk 00:03:17]} {[%emt 00:01:05]} g1=Q {[%clk 00:01:21]} {[%emt 00:00:01]} 45.
Qf5+ {[%clk 00:03:25]} {[%emt 00:00:01]} Qg6 {[%clk 00:00:50]} {[%emt
00:00:41]} 46. Rh3+ {[%clk 00:03:34]} Qxh3 {[%clk 00:00:59]} {[%emt 00:00:01]}
47. Qxh3+ {[%clk 00:03:43]} {[%emt 00:00:01]} Qh6 {[%clk 00:00:57]} {[%emt
00:00:13]} 48. Qf5+ {[%clk 00:03:51]} {[%emt 00:00:02]} Qg6 {[%clk 00:01:06]}
{[%emt 00:00:01]} 49. Qh3+ {[%clk 00:04:00]} {[%emt 00:00:01]} Kg8 {[%clk
00:01:12]} {[%emt 00:00:04]} 50. Qe6+ {[%clk 00:04:09]} {[%emt 00:00:01]} Qf7
{[%clk 00:01:20]} {[%emt 00:00:02]} 51. Qd6 {[%clk 00:04:18]} Rc8 {[%clk
00:01:28]} {[%emt 00:00:03]} 52. c4 {[%clk 00:04:22]} {[%emt 00:00:06]} g5
{[%clk 00:01:37]} 53. Qd1 {[%clk 00:04:24]} {[%emt 00:00:09]} Qe6 {[%clk
00:01:04]} {[%emt 00:00:43]} 54. Qh5 {[%clk 00:04:33]} Kg7 {[%clk 00:01:13]} 55.
a5 {[%clk 00:04:16]} {[%emt 00:00:27]} g4 {[%clk 00:01:22]} 56. Bc1 {[%clk
00:04:23]} {[%emt 00:00:03]} Rh8 {[%clk 00:01:32]} 57. Qf5 {[%clk 00:04:24]}
{[%emt 00:00:09]} Qxf5 58. exf5 {[%clk 00:04:33]} g3 {[%clk 00:00:32]} {[%emt
00:01:19]} 59. Be3 {[%clk 00:04:42]} g2 {[%clk 00:00:20]} {[%emt 00:00:22]} 60.
a6 {[%clk 00:04:49]} {[%emt 00:00:03]} Kf7 {[%clk 00:00:21]} {[%emt 00:00:10]}
61. b4 {[%clk 00:04:32]} {[%emt 00:00:27]} Ke7 {[%clk 00:00:30]} 62. b5 {[%clk
00:04:39]} {[%emt 00:00:03]} Kd6 {[%clk 00:00:37]} {[%emt 00:00:02]} 63. b6
{[%clk 00:04:38]} {[%emt 00:00:12]} Kc6 {[%clk 00:00:37]} {[%emt 00:00:09]} 64.
Kb2 {[%clk 00:03:57]} {[%emt 00:00:51]} Ra8 {[%clk 00:00:22]} {[%emt 00:00:26]}
65. b7 {[%clk 00:03:55]} {[%emt 00:00:13]} Rd8 {[%clk 00:00:20]} {[%emt
00:00:11]} 66. Kc3 {[%clk 00:03:59]} {[%emt 00:00:06]} e4 {[%clk 00:00:22]}
{[%emt 00:00:08]} 67. Kb4 {[%clk 00:03:25]} {[%emt 00:00:43]} Kc7 {[%clk
00:00:27]} {[%emt 00:00:07]} 68. Kb5 {[%clk 00:02:38]} {[%emt 00:00:57]} Kb8
{[%clk 00:00:18]} {[%emt 00:00:18]} 69. c5 {[%clk 00:02:04]} {[%emt 00:00:44]}
Rg8 {[%clk 00:00:14]} {[%emt 00:00:15]} 70. Kb6 {[%clk 00:02:11]} {[%emt
00:00:04]} 1-0